Powder metallurgy : (Record no. 91704)
[ view plain ]
| 000 -LEADER | |
|---|---|
| fixed length control field | 00664nam a22001937a 4500 |
| 005 - DATE AND TIME OF LATEST TRANSACTION | |
| control field | 20150323153320.0 |
| 010 ## - LCCN (DPL NO) | |
| LC control number | ENG-112425 |
| 020 ## - INTERNATIONAL STANDARD BOOK NUMBER | |
| International Standard Book Number | 9788120349421 |
| Terms of availability | 295.00 |
| 035 ## - SYSTEM CONTROL NUMBER | |
| System control number | EN-95957 |
| 037 ## - SOURCE OF ACQUISITION | |
| Source of stock number/acquisition | DBAD/PUB |
| 082 ## - DEWEY DECIMAL CLASSIFICATION NUMBER | |
| Classification number | 671.37 |
| 100 ## - MAIN ENTRY--PERSONAL NAME | |
| Personal name | Datta, Bidyut Kanti |
| 245 ## - TITLE STATEMENT | |
| Title | Powder metallurgy : |
| Remainder of title | an advanced techinque of processing engineering materials / |
| Statement of responsibility, etc | by Bidyut Kanti datta |
| 260 ## - PUBLICATION, DISTRIBUTION, ETC. (IMPRINT) | |
| Place of publication, distribution, etc | Delhi |
| Name of publisher, distributor, etc | PHI Learning |
| Date of publication, distribution, etc | 2014 |
| 270 ## - ADDRESS | |
| Address | Rimjhim House, 111, Patparganj Industrial Estate |
| City | Delhi |
| Postal code | 110092 |
| 300 ## - PHYSICAL DESCRIPTION | |
| Extent | xii,219p. : |
| Dimensions | 24cm(Hb) |
| Other physical details | ill. |
| 500 ## - GENERAL NOTE | |
| General note | Includes bibliographical references and index |
| 942 ## - ADDED ENTRY ELEMENTS (KOHA) | |
| Source of classification or shelving scheme | Dewey Decimal Classification |
| Item type | English Books |
| Call number suffix | DAT |
| Classification part | 671.37 |
| Withdrawn status | Lost status | Not for loan | Collection code | Home library | Current library | Date acquired | Source of acquisition | Cost, normal purchase price | Full call number | Barcode | Copy number | Cost, replacement price | Koha item type |
|---|---|---|---|---|---|---|---|---|---|---|---|---|---|
| Not For Loan | Non-fiction | D.B.Act.Division | D.B.Act.Division | 23/03/2015 | DBAD/PUB | 295.00 | 671.37 DAT | EN-95957 | 1 | 295.00 | English Books |
